MICROSOFT Office 97 Profesional 6-in-1 que
| Format: | Book |
|---|---|
| Published: |
(s.d. :
s.l. ,
1997)
|
| Subjects: |
MARC
| LEADER | 00000cam a2200000 7i4500 | ||
|---|---|---|---|
| 001 | 0000001802 | ||
| 005 | 20011207.0 | ||
| 090 | 0 | 0 | |a 005.369 |b MIC (1997) |
| 245 | 0 | 0 | |a MICROSOFT Office 97 Profesional 6-in-1 que |
| 260 | 0 | 0 | |a (s.d. : |b s.l. , |c 1997) |
| 300 | |a (77-447) p. : |b ill. ; |c 26 cm. | ||
| 650 | 0 | 0 | |a Database management |x Computer programs |
| 650 | 0 | 0 | |a Electronic spreadsheets |
| 650 | 0 | 0 | |a Word processing |x Computer programs |
| 998 | |a JPSM | ||
| 999 | |a 0000002832 |b Monograph |c Open Shelf |e Default branch | ||